Entre los latidos de la noche /
Saved in:
| Format: | Book |
|---|---|
| Published: |
Bilbao :
B,
c1985.
|
| LEADER | 00315nam a22001097a 4500 | ||
|---|---|---|---|
| 003 | AR-BeUNQ | ||
| 005 | 20190827172029.0 | ||
| 999 | |c 31893 |d 115693 | ||
| 245 | |a Entre los latidos de la noche / |c Charles Sheffield. | ||
| 260 | |a Bilbao : |b B, |c c1985. | ||
| 929 | |a DONACION |b Luciana Aon |d 200,00 |e 20170911 |f PAT0067907 |g 3291 |h 1 |o PR | ||
| 942 | |c LIB |n 1 | ||